К учению о гистологическом строении сифилидов кожи кондиломатозного и гуммозного периодов (розеолы, папулы и бугорка) (Запись № 6180423)

Подробности
000 -МАРКЕР
контрольное поле 01982nam0a22003131 4500
001 - ИДЕНТИФИКАТОР ЗАПИСИ
контрольное поле rc\1714992
005 - ИДЕНТИФИКАТОР ВЕРСИИ
контрольное поле 20260406111218.0
035 ## - ДРУГИЕ СИСТЕМНЫЕ НОМЕРА
Идентификатор записи (NLR Aleph) 005289974
100 ## - ДАННЫЕ ОБЩЕЙ ОБРАБОТКИ
Данные общей обработки 20061002d1900 |||y0rusy50 ca
101 0# - ЯЗЫК РЕСУРСА
Язык текста, звукозаписи и т.д. русский
102 ## - СТРАНА ПУБЛИКАЦИИ ИЛИ ПРОИЗВОДСТВА
Страна публикации Российская Федерация
105 ## - ПОЛЕ КОДИРОВАННЫХ ДАННЫХ: ТЕКСТОВЫЕ МАТЕРИАЛЫ, МОНОГРАФИЧЕСКИЕ
Кодированные данные о монографическом текстовом документе a z |||||
200 1# - ЗАГЛАВИЕ И СВЕДЕНИЯ ОБ ОТВЕТСТВЕННОСТИ
Основное заглавие К учению о гистологическом строении сифилидов кожи кондиломатозного и гуммозного периодов (розеолы, папулы и бугорка)
Сведения, относящиеся к заглавию Клинико-гистол. исслед.
-- Дис. на степ. д-ра мед. В.В. Иванова
Первые сведения об ответственности Из Сифилидол. и дерматол. клиники проф. Т.П. Павлова
210 ## - ПУБЛИКАЦИЯ, РАСПРОСТРАНЕНИЕ И ДР.
Место издания, распространения и т.д. Санкт-Петербург
Имя издателя, распространителя и т. д. Т-во худ. печати
Дата издания, распространения и т.д. 1900
215 ## - ФИЗИЧЕСКАЯ ХАРАКТЕРИСТИКА
Специфическое обозначение материала и объем [2], 177, [7] с., [3] л. ил.
Размеры 22
225 1# - СЕРИЯ
Основное заглавие серии Серия докторских диссертаций, допущенных к защите в Императорской Военно-медицинской академии в 1900-91[!] учебном году
Обозначение тома № 7
320 ## - ПРИМЕЧАНИЯ О НАЛИЧИИ В ДОКУМЕНТЕ БИБЛИОГРАФИИ / УКАЗАТЕЛЯ
Текст примечания Библиогр.: "Литературный указатель" (с. 175-177)
532 13 - РАСШИРЕННОЕ ЗАГЛАВИЕ
Заглавие К учению о гистологическом строении сифилидов кожи кондиломатозного и гуммозного периодов (розеолы, папулы и бугорка)
700 #1 - ИМЯ ЛИЦА - ПЕРВИЧНАЯ ОТВЕТСТВЕННОСТЬ
Графика поля Кириллица
Материалы, к которым относится поле rus
Начальный элемент ввода Иванов
Часть имени, кроме начального элемента ввода В. В.
Дополнения к именам, кроме дат венеролог
Даты 1873-1931
Расширение инициалов личного имени Владимир Владимирович
Системный номер авторитетной/нормативной записи 105074
Идентификатор авторитетной/нормативной записи RU\NLR\AUTH\77122149
702 #1 - ИМЯ ЛИЦА - ВТОРИЧНАЯ ОТВЕТСТВЕННОСТЬ
Код отношения Прочие
Графика поля Кириллица
Материалы, к которым относится поле rus
Начальный элемент ввода Павлов
Часть имени, кроме начального элемента ввода Т. П.
Дополнения к именам, кроме дат д-р медицины
Даты 1860-1932
Расширение инициалов личного имени Тимофей Павлович
Системный номер авторитетной/нормативной записи 101807
Идентификатор авторитетной/нормативной записи RU\NLR\AUTH\77118882
801 #0 - ИСТОЧНИК ЗАПИСИ
Страна Российская Федерация
Организация NLR
Дата составления 20061002
Правила каталогизации psbo
801 #0 - ИСТОЧНИК ЗАПИСИ
Страна Российская Федерация
Организация RuMoRGB
Дата составления 20061002
Источник данных psbo
801 #1 - ИСТОЧНИК ЗАПИСИ
Страна Российская Федерация
Организация ProSoft-M
Дата составления 20061002
Источник данных rusmarc
801 #2 - ИСТОЧНИК ЗАПИСИ
Страна Российская Федерация
Организация NLR
Дата составления 20130410
Источник данных rusmarc
852 ## - МЕСТОНАХОЖДЕНИЕ И ШИФР ХРАНЕНИЯ
Идентификатор организации NLR
Шифр хранения (Call Number) 20.49.2.234
942 ## - ДОПОЛНИТЕЛЬНЫЕ ЭЛЕМЕНТЫ ЗАПИСИ (АБИС)
Тип экземпляра АБИС Книга
980 ## - КОЛЛЕКЦИЯ
Название коллекции Национальная библиография
Экземпляры
Тип экземпляра Дата поступления Библиотека постоянного хранения Библиотека текущего хранения Место хранения Шифр хранения Штрих-код Статус экземпляра
Книга 26.10.2013 РНБ (Садовая) РНБ (Садовая) Русский книжный фонд -Главное здание, Ленинский читальный зал 20.49.2.234 5289974-10